Normal view
MARC view
Entry Término temático
001 - NÚMERO DE CONTROL
- campo de control: 29001
003 - IDENTIFICADOR DEL NÚMERO DE CONTROL
- campo de control: FranzMayer
005 - FECHA Y HORA DE LA ÚLTIMA TRANSACCIÓN
- campo de control: 20230809130919.0
008 - DATOS DE LONGITUD FIJA
- campo de control de longitud fija: 230809|| aca||aabn | a|a d
040 ## - FUENTE DE LA CATALOGACIÓN
- Centro catalogador/agencia de origen: FranzMayer
- Centro/agencia transcriptor: FranzMayer
150 ## - ENCABEZAMIENTO--TÉRMINO DE MATERIA
- Término de materia o nombre geográfico como elemento de entrada: Autores individuales
- Subdivisión de forma: Autores individuales del siglo XVII
670 ## - FUENTE DE DATOS ENCONTRADOS
- Cita de la fuente: Work cat.: (FranzMayer)10926: Autor Cervantes Saavedra, Miguel de 29000, Historia de los trabajos de Persiles y Sigismunda, 1760